|
|
|
|
| LEADER |
00000cam a2200000 a 4500 |
| 001 |
006512 |
| 003 |
UAHC_CL |
| 005 |
20170803120242.0 |
| 008 |
030121b xx j 000 1 eng |
| 040 |
|
|
|a UAHC_CL
|c UAHC_CL
|d UAHC_CL
|
| 100 |
1 |
|
|a Barril, Alex
|
| 245 |
1 |
0 |
|a Desarrollo rural : concepto institucionalidad y políticas en el 2001. análisis comparativo en nueve paises de América Latina.
|
| 260 |
|
|
|b Instituto Interamericano de Cooperación para la Agricultura (IICA)
|c 2002
|a Santiago, Chile
|
| 300 |
|
|
|a 151 p.
|
| 500 |
|
|
|a fotocopia
|
| 900 |
|
|
|a 307.14 BAR
|
| 942 |
|
|
|c BK
|
| 952 |
|
|
|0 0
|1 0
|4 0
|6 307_140000000000000_BAR
|7 0
|8 General
|9 14202
|a BC
|b BC
|c General
|d 2017-08-03
|l 0
|o 307.14 BAR
|p 1388587
|r 2026-01-19 00:00:00
|t 1
|w 2017-08-03
|y BK
|z Fotocopia
|
| 999 |
|
|
|c 6512
|d 6512
|